000 00921nam a22002531u 4500
001 12137
003 HDC
007 cr bn ---
008 210209p2006 my eng
040 _aHDC
100 _aC.K. Ma,
_eauthor
_912534
245 4 _aThe decline of pesticide residues in the air of three rain shelter farms at Cameron Highland /
_cby C.K. Ma, C.K. Ngan and K.P. Lim
260 _aSerdang :
_bMalaysian Agricultural Research and Development Institute (MARDI),
_c2006
300 _a1 page
336 _atext
_2rdacontent
337 _acomputer
_2rdamedia
338 _aonline resource
_2rdacarrier
650 _aCypermethrin
_912535
650 _aPesticides
_93062
856 _zRequest full-text at [email protected]
942 _2lcc
942 _cAR
942 _kJART 003004
999 _c9460
_d9460